000 01005cam a2200265 i 4500
001 114960
005 20230410132852.0
008 140306s2009 nyua 000 0 eng
020 _a9780553385441
041 0 _aEng
050 1 4 _aB HV 6766
_bB428ca 2009
100 1 _aBelfort, Jordan
245 1 0 _aCatching the wolf of wall street/
_bmore incredible true stories of fortunes, schemes, parties, and prison
_cJordan Belfort
260 _aNew York:
_bBantam books,
_c2009
300 _a468 p.:
_c20 cm
500 _aOriginally published: New York : Bantam Books, 2009.
520 _aBelfort leads us from his early rise to power, to the FBI raid on his estate, the endless indictments at his arrest, and his deal to rat out his oldest friends and colleagues.
650 0 _aBelfort, Jordan
650 0 _aSecurities froud
650 0 _aStockbookers- united state biography
650 4 _aValores Froud.
650 4 _aStockbookers
_xEstados Unidos
_xBiografĂ­a.
942 _2lcc
_cbk
946 _adpf
999 _c89256
_d89256